[Event "88th GER-ch Men 2017"]
[Site "Apolda"]
[Date "2017.06.29"]
[Round "7"]
[White "Meister, Jakob"]
[Black "Kollars, Dmitrij"]
[Result "1-0"]
[WhiteElo "2433"]
[BlackElo "2511"]
[Annotator "TA"]
[PlyCount "65"]
[EventDate "2017.??.??"]
[EventType "swiss"]
[EventCountry "GER"]
[SourceTitle "playchess.com"]
[Source "ChessBase"]
[SourceQuality "1"]

{[%evp 15,65,36,36,23,39,13,8,7,47,0,24,10,12,10,0,-14,-19,-12,-13,-21,-23,-31,-27,-33,-19,-34,-51,-44,41,43,37,47,115,131,121,129,162,168,158,78,397,374,377,359,337,193,818,812,734,576,29972,29972]} 1. c4 Nf6 2. Nc3 g6 3. e4 d6 4. d4 Bg7 5. Bd3 O-O 6. Nge2 Nc6 7. O-O e5 8. d5 Nd4 9. Rb1 {E70: King's Indian: Miscellaneous lines with 4 e4, including 5 Nge2 and 5 Bd3 0-0 6 Nge2} (9. f3 c5 10. Bg5 h6 11. Bh4 a6 12. Kh1 Qc7 13. Rc1 Bd7 14. Nxd4 exd4 15. Ne2 Rfe8 16. Qd2 Kh7 17. b4 b6 18. Rb1 Bc8 19. Bc2 {1-0 (58) Ivanchuk,V (2726)-Nguyen,N (2634) Berlin 2015}) 9... c5 10. dxc6 bxc6 11. b4 {The position is equal.} Be6 12. a4 $146 ({Predecessor:} 12. Nxd4 exd4 13. Ne2 Ng4 14. h3 Ne5 15. Nxd4 c5 16. Nxe6 fxe6 {1-0 (46) Michalik,P (2508)-Rapport,R (2621) Kozloduy 2012}) 12... Nd7 13. Nxd4 exd4 14. Ne2 c5 15. Nf4 (15. f4 $5 {[%cal Rf4f5]}) 15... cxb4 16. Rxb4 Nc5 17. Nxe6 fxe6 18. Bc2 Qa5 19. Ba3 a6 20. Qe2 d3 21. Bxd3 Nxa4 (21... Bd4 $15) 22. Rxa4 $14 Qxa4 23. Bxd6 Rf7 ({Better is} 23... Rfd8 $14 24. e5 Rac8) 24. e5 {[%mdl 1024] White has strong compensation.} Bf8 25. c5 $1 Rf4 {[#]} 26. g3 $1 {[%cal Rg3f4]} Rd4 {[#]} 27. Bc2 (27. Qe3 $142 $1) 27... Qb4 $2 {[%mdl 8192]} (27... Qc4 $16 {is more resistant.} 28. Qxc4 Rxc4) 28. Qf3 $18 Bxd6 29. Qxa8+ Bf8 30. Qxa6 (30. c6 $142 Qc3 31. Bb3 Qxb3 32. c7) 30... Kf7 $2 (30... Qc4 31. Qxc4 Rxc4) 31. c6 {[%cal Bc5c6,Bc6c7][%mdl 32]} Qc3 {[#]} 32. Bb3 $1 {[%mdl 512]} Rb4 {[#]} (32... Qxb3 33. Qa7+) 33. c7 $1 {Precision: White = 45%, Black = 26%.} 1-0

[Event "88th GER-ch Men 2017"]
[Site "Apolda"]
[Date "2017.06.29"]
[Round "7"]
[White "Kalinitschew, Sergey"]
[Black "Hirneise, Jens"]
[Result "1-0"]
[WhiteElo "2423"]
[BlackElo "2328"]
[Annotator "TA"]
[PlyCount "85"]
[EventDate "2017.??.??"]
[EventType "swiss"]
[EventCountry "GER"]
[SourceTitle "playchess.com"]
[Source "ChessBase"]
[SourceQuality "1"]

{[%evp 11,84,8,8,5,14,2,14,-6,-7,-9,0,2,0,-20,0,0,0,-13,0,-4,0,-19,-20,-71,35,19,37,0,0,0,24,-14,-20,-13,49,23,40,46,47,37,50,41,67,41,41,41,55,54,77,81,106,107,95,86,110,72,239,247,302,317,387,373,622,612,1364,4790,29991,29992,29993,29994,29994,29995,29995,29995,29999]} 1. Nf3 Nf6 2. d4 g6 3. Bg5 Bg7 4. c3 c5 5. e3 cxd4 6. exd4 O-O {LiveBook: 3 Games. A48: 1 d4 Nf6 2 Nf3 g6: Torre, London and Colle Systems} 7. Be2 d6 8. Nbd2 Qc7 {The position is equal.} (8... h6 9. Bh4 Nh5 10. Bc4 Nc6 11. O-O g5 12. Bg3 Nxg3 13. hxg3 Bf5 14. d5 Ne5 15. Nxe5 Bxe5 {0-1 (38) Korotylev,A (2609)-Timofeev,A (2650) Novokuznetsk 2008}) 9. Qa4 $146 ({Predecessor:} 9. O-O e5 10. dxe5 dxe5 11. Qa4 h6 12. Bxf6 Bxf6 13. Ne4 Bg7 14. Rfd1 {½-½ (118) Smirnov,V (2379)-Brown,A (2245) Melbourne 2013}) 9... Nc6 (9... Bd7 $5 {[%cal Rd7a4]} 10. Qd1 h6 11. Bxf6 Bxf6 $11) 10. O-O Bd7 11. Rfe1 h6 12. Bh4 g5 13. Bg3 Nh5 {next ...Nxd4 is good for Black.} 14. Qa3 Nxg3 15. hxg3 d5 16. Bd3 e6 17. Re2 (17. Qb3 $11 {keeps the balance.}) 17... f5 (17... a5 $17) 18. Rae1 $14 g4 19. Ne5 Nxe5 20. dxe5 Rf7 21. Qb4 (21. c4 $5 {[%cal Rc4d5]}) 21... Bf8 22. Qf4 Qd8 (22... Be7 $11) 23. c4 Bc6 24. Nb3 {[%cal Bd2b3,Bb3d4,Bd4b5,Bb5d6][%mdl 32]} Qg5 25. Nd4 Re8 26. Rc2 Bb4 27. Rec1 Ba5 28. cxd5 Bxd5 29. Nb5 Ra8 30. Nd6 Rff8 31. Qxg5+ hxg5 {[#]} 32. Bxf5 $1 {[%mdl 512]} exf5 {[#]} 33. Rc5 $1 {[%csl LRa5,LRd5][%cal Rc5a5]} Bxa2 $2 ({But not} 33... Bd2 $2 34. Rd1 $18) (33... Bb6 $16 {might work better.} 34. Rxd5 f4) 34. Rxa5 $18 Be6 35. Rc7 ({Weaker is} 35. Nxb7 Rfc8 $16) 35... Rfd8 36. Re7 Bc8 $2 (36... Bd7 37. Nxb7 Kf8) 37. Rc5 Bd7 38. Rc7 Be8 39. Rg7+ {White mates.} Kh8 40. Rh7+ Kg8 41. Rcg7+ Kf8 42. e6 {[%csl Gg7,Gh7][%cal Be5e6,Be6e7][%mdl 32]} Rxd6 43. e7# {Precision: White = 78%, Black = 35%.} 1-0

[Event "88th GER-ch Men 2017"]
[Site "Apolda"]
[Date "2017.06.29"]
[Round "7"]
[White "Telljohan, Sven"]
[Black "Rehberg, Raphael"]
[Result "1-0"]
[WhiteElo "2404"]
[BlackElo "2264"]
[Annotator "TA"]
[PlyCount "59"]
[EventDate "2017.??.??"]
[EventType "swiss"]
[EventCountry "GER"]
[SourceTitle "playchess.com"]
[Source "ChessBase"]
[SourceQuality "1"]

{[%evp 20,59,0,-11,32,-14,-38,0,0,0,67,65,85,16,20,15,223,218,229,227,332,304,401,397,387,381,468,439,422,438,435,417,641,640,959,945,1148,1172,1156,1150,1150,1127]} 1. g3 Nf6 2. Bg2 d5 3. c4 e6 4. Nf3 Be7 5. b3 O-O 6. O-O c5 7. Bb2 Nc6 8. e3 d4 9. exd4 cxd4 10. Re1 Re8 11. d3 Bb4 {A14: English Opening: 1...e6 with b3 by White} (11... Bc5 12. Ba3 Nd7 13. Nfd2 Nb4 14. Ne4 a5 15. f4 Be7 16. Bb2 Nc6 17. a3 b6 18. Nd6 Bxd6 19. Bxc6 {½-½ (54) Robson,R (2668)-So,W (2822) Saint Louis 2017}) 12. Re2 e5 13. a3 Bf8 {The position is equal.} 14. b4 $146 ({Predecessor:} 14. Nbd2 Bf5 15. Ne1 Qc7 16. f3 Nd7 17. b4 a6 18. Ne4 h6 19. g4 {1-0 (39) Benvenuti,G-Siviero,G Italy 1987}) 14... Qd6 (14... Qc7 $11) 15. Nbd2 Bg4 16. Ne4 (16. Qc2 $16) 16... Nxe4 $11 17. Rxe4 f5 $2 {[#]} (17... Bf5 $1 $11) 18. Rxg4 $1 $18 {[%mdl 512]} fxg4 19. Ng5 Nd8 (19... g6 {was worth a try.} 20. Bd5+ (20. Qxg4 h5 $16) 20... Kg7) 20. Qxg4 h6 21. Bd5+ Kh8 22. Re1 Be7 23. Nf3 {[%cal Bg5f3,Bf3d4,Bd4f5][%mdl 32]} Bf6 {[#]} 24. Nxd4 $1 {[%mdl 512]} Nc6 (24... exd4 25. Rxe8+) 25. Nf5 Qc7 (25... Qf8 $142 26. Be4 Red8) 26. Qg6 {White is clearly winning.} Ne7 27. Nxe7 Rxe7 28. Be4 {[%csl Ge4][%cal Rg6h7]} Kg8 29. Qh7+ Kf7 30. Bd5+ {Precision: White = 75%, Black = 21%.} 1-0

[Event "88th GER-ch Men 2017"]
[Site "Apolda"]
[Date "2017.06.29"]
[Round "7"]
[White "Hoefelsauer, Thomas"]
[Black "Schmidt-Schaeffer, Sebastian"]
[Result "1/2-1/2"]
[WhiteElo "2395"]
[BlackElo "2380"]
[Annotator "TA"]
[PlyCount "114"]
[EventDate "2017.??.??"]
[EventType "swiss"]
[EventCountry "GER"]
[SourceTitle "playchess.com"]
[Source "ChessBase"]
[SourceQuality "1"]

{[%evp 28,114,68,68,68,68,68,68,68,68,72,67,54,49,44,31,43,30,92,59,60,49,57,47,50,22,57,57,56,54,60,60,60,60,61,60,61,60,60,45,74,32,29,0,0,0,0,-39,-39,-109,-109,-133,-133,-133,-133,-133,-133,-133,-108,-135,-135,-135,-135,-135,-135,-135,-135,-135,-135,-135,-135,-135,-127,-127,-127,-135,-135,-135,-135,-135,-135,-135,-135,-135,-135,-135,-135,-135,-135]} 1. Nf3 d5 2. g3 Nf6 3. Bg2 e6 4. O-O Be7 5. d4 O-O 6. c4 b6 7. Nc3 Bb7 8. Ne5 Nbd7 9. Qa4 Nxe5 10. dxe5 Ne4 11. Nxe4 dxe4 12. Rd1 {[%cal Bf1d1,Bd1d4,Bd4d7][%mdl 32] E18: Queen's Indian: Old Main Line (4 g3 Bb7 5 Bg2 Be7 6 0-0 0-0 7 Nc3)} Qe8 13. Qc2 Qc6 14. Rd4 Qc5 (14... f5 15. exf6 Bxf6 16. Rd1 b5 17. Be3 Qxc4 18. Qxc4 bxc4 19. Rac1 Bd5 {0-1 (51) Vojinovic,G (2448)-Jianu,V (2545) Skopje 2011}) 15. Rd7 $1 {[#] LiveBook: 5 Games. aiming for Be3.} Rad8 16. Be3 Qxe5 17. Bf4 $1 ({Much weaker is} 17. Rxe7 Qd6 $17) 17... Qxf4 18. Rxd8 $146 ({Predecessor:} 18. gxf4 Rxd7 19. Qa4 Rfd8 20. Qxa7 Bc6 21. Bf1 Ra8 {0-1 (21) Brandao,R (2057)-Gardim,L (1520) Altinopolis 2012}) 18... Qe5 {[#]} 19. Rxf8+ $1 Kxf8 20. Rd1 a5 21. Qd2 Bd6 22. Qd4 Qf5 (22... Qxd4 $11 23. Rxd4 g5) 23. b3 h5 24. h4 Kg8 25. Qe3 {Threatens to win with Rxd6!} Qe5 26. Bh3 Kh7 27. Qd4 Qxd4 28. Rxd4 $14 {[%mdl 4096] Endgame KRB-KB} Kg6 29. e3 f5 {[%cal Bf7f5,Bf5f4][%mdl 32]} 30. Rd1 Kf6 31. Bf1 e5 32. Be2 g6 33. Kf1 f4 34. Kg1 (34. c5 $5 Bxc5 35. Rd7 $11) 34... Bc8 35. Rd2 Be6 36. Bf1 Bg4 37. Bg2 Bc5 $1 38. gxf4 (38. Kf1 $1 $15) 38... exf4 $17 39. exf4 e3 40. Rd5 e2 {[%mdl 1024] Black has strong compensation.} 41. Re5 Bd4 42. Re4 c5 43. a4 Kf5 44. Bh1 Bc3 45. f3 Bxf3 46. Bxf3 e1=Q+ 47. Rxe1 Bxe1 {KB-KB} 48. Bd1 Kxf4 49. Bc2 g5 50. hxg5 Kxg5 51. Be4 Kf4 {Black is clearly better.} 52. Bc6 Ke3 53. Kg2 Kd3 54. Kh1 Kc3 55. Bb5 Kxb3 56. Kg2 Kc3 57. Kh1 Kb2 {Precision: White = 54%, Black = 78%.} 1/2-1/2

[Event "88th GER-ch Men 2017"]
[Site "Apolda"]
[Date "2017.06.29"]
[Round "7"]
[White "Zude, Arno"]
[Black "Schulz, Karsten"]
[Result "0-1"]
[WhiteElo "2392"]
[BlackElo "2264"]
[Annotator "TA"]
[PlyCount "48"]
[EventDate "2017.??.??"]
[EventType "swiss"]
[EventCountry "GER"]
[SourceTitle "playchess.com"]
[Source "ChessBase"]
[SourceQuality "1"]

{[%evp 11,48,28,20,20,32,34,45,39,25,39,35,26,40,0,0,0,0,0,0,0,12,-27,-29,-16,0,3,112,112,127,120,118,33,82,-252,-254,-376,-342,-758,-746]} 1. e4 d6 2. d4 Nf6 3. Nc3 e5 4. Nf3 exd4 5. Nxd4 Be7 6. Be2 O-O 7. Bf4 {C41: Philidor Defence} Nc6 8. Qd2 a6 9. O-O-O {White is slightly better.} Nxd4 10. Qxd4 Be6 11. f3 $146 ({Predecessor:} 11. Qe3 Nd7 12. g4 b5 13. h4 b4 14. Nd5 Bxd5 15. Rxd5 Re8 16. g5 c6 17. Rdd1 Qa5 18. Kb1 {1-0 (32) David,A (2561)-Welling,G (2319) Bratto 2016}) 11... b5 {[%cal Bb7b5,Bb5b4][%mdl 32]} 12. g4 c5 13. Qd2 {[%cal Rf4d6]} b4 14. Nd5 Nxd5 15. exd5 Bd7 16. Bd3 (16. h4 $5) 16... Bb5 17. Be4 Qa5 $36 {[%mdl 2048] Black has the initiative.} 18. Kb1 Bf6 (18... c4 $11 {keeps the balance.}) 19. Bxd6 $16 Rfd8 20. Bf4 c4 {...c3 is the strong threat.} 21. b3 (21. d6 $16 c3 22. Qd5) 21... Rac8 {[#]} 22. g5 $2 {[%mdl 8192]} ({Don't take} 22. a4 $2 Bxa4 23. bxa4 Qxa4 $19) (22. Bg5 $1 $16 {[%cal Rg5f6]} c3 23. Qc1 Bxg5 24. Qxg5) 22... Bc3 $19 23. Qf2 (23. Qe3 $142 Qa3 24. Qc1) 23... Bd7 24. h4 $2 (24. Bd2 Be5 25. Rhe1) 24... Rc5 {Precision: White = 36%, Black = 67%.} 0-1

[Event "88th GER-ch Men 2017"]
[Site "Apolda"]
[Date "2017.06.29"]
[Round "7"]
[White "Langheinrich, Ferenc"]
[Black "Kolbus, Dietmar"]
[Result "1/2-1/2"]
[WhiteElo "2363"]
[BlackElo "2306"]
[Annotator "TA"]
[PlyCount "81"]
[EventDate "2017.??.??"]
[EventType "swiss"]
[EventCountry "GER"]
[SourceTitle "playchess.com"]
[Source "ChessBase"]
[SourceQuality "1"]

{[%evp 15,81,24,27,14,14,14,16,11,22,21,30,3,14,14,19,10,21,19,24,12,23,8,8,7,10,10,13,8,20,8,18,18,25,27,23,22,25,25,39,14,40,41,40,35,41,9,15,14,21,20,18,15,22,0,14,14,22,0,7,0,21,0,14,0,23,0,10,0]} 1. e4 e5 2. Nf3 Nf6 3. Nxe5 d6 4. Nf3 Nxe4 5. Nc3 Nxc3 6. dxc3 Be7 7. Be3 Nc6 8. Qd2 Be6 9. Ng5 {C42: Petroff Defence: 3 Nxe5 and unusual White 3rd moves} (9. O-O-O Qd7 10. Kb1 a6 11. h4 h6 12. Be2 O-O-O 13. Nd4 Nxd4 14. Bxd4 Rhg8 15. c4 Rde8 16. g3 Bd8 17. b3 Bf5 18. Rhe1 g5 {½-½ (18) Kryvoruchko,Y (2714)-Li,C (2722) Chartres 2017}) 9... Bxg5 10. Bxg5 Qd7 11. Be2 a6 12. b3 O-O $146 ({Predecessor:} 12... f6 13. Be3 O-O-O 14. O-O-O Rhe8 15. Rhe1 Re7 16. Kb2 {0-1 (53) Gvanceladze,A (2017)-Semenova,E (2048) Herceg Novi 2008}) 13. O-O Bg4 14. f3 Be6 15. Rfe1 f6 16. Bf4 Rfe8 17. Bf1 Bf7 18. Kf2 Rxe1 19. Rxe1 Re8 20. Rxe8+ Qxe8 21. Be2 Qe7 22. Ke1 Kf8 23. Kd1 Bg6 24. Kc1 Bf7 25. Kb2 Bg6 26. g4 h6 27. h4 Bh7 28. Be3 Ke8 29. a4 Kf8 30. g5 hxg5 31. hxg5 Bf5 32. gxf6 gxf6 33. Bf2 Qh7 34. Be3 Ke8 35. Bd1 Qe7 36. Be2 Qh7 37. Bd1 Qe7 38. Be2 Qh7 39. Bd1 Qe7 40. Be2 Qh7 41. Bd1 {Precision: White = 38%, Black = 53%.} 1/2-1/2

[Event "88th GER-ch Men 2017"]
[Site "Apolda"]
[Date "2017.06.29"]
[Round "7"]
[White "Miller, Eduard"]
[Black "Tischbierek, Raj"]
[Result "1-0"]
[WhiteElo "2319"]
[BlackElo "2450"]
[Annotator "TA"]
[PlyCount "139"]
[EventDate "2017.??.??"]
[EventType "swiss"]
[EventCountry "GER"]
[SourceTitle "playchess.com"]
[Source "ChessBase"]
[SourceQuality "1"]

{[%evp 11,139,0,0,-11,1,-13,-12,-10,-10,-52,-45,-48,-47,-58,-48,-49,-40,-54,-39,-58,-14,-70,-8,-7,-11,-16,-13,-16,234,237,269,156,152,107,97,111,295,291,294,290,514,574,589,585,537,427,399,384,403,373,375,354,372,358,364,372,355,367,280,372,372,359,351,351,310,287,287,287,280,273,272,272,592,587,557,477,607,607,597,545,545,535,652,644,644,583,575,258,1622,1516,1324,1218,1125,1143,919,711,7295,7052,29963,29943,29968,336,329,0,29970,29971,29970,29971,29969,29965,29962,29956,12793,12418,6079,5189,29968,29971,29971,29972,29972,29973,29973,29974,29975,29976,29977,29978,29977,29978]} 1. e4 c5 2. Nf3 Nc6 3. g3 g6 4. Bg2 Bg7 5. O-O e5 6. d3 Nge7 7. a3 {A04: Unusual lines after 1 Nf3 and King's Indian Attack} (7. c3 O-O 8. a3 a5 9. a4 d5 10. Na3 h6 11. exd5 Nxd5 12. Qb3 Nde7 13. Be3 Be6 14. Nc4 Qxd3 15. Nfd2 Bd5 16. Bxd5 Qxd5 {1-0 (40) Amin,B (2635)-Moiseenko,A (2707) Dubai 2014}) 7... d5 8. Nc3 (8. b4 $5) 8... d4 9. Nd5 {The position is equal.} O-O 10. c4 $146 ({Predecessor:} 10. Nxe7+ Qxe7 11. Nd2 Be6 12. f4 exf4 13. gxf4 f5 14. exf5 Bxf5 {1-0 (50) Kozel,R (2356)-Sharapov,E (2497) Alushta 2011}) 10... dxc3 $1 11. bxc3 Nxd5 12. exd5 Qxd5 13. Nd4 Qd6 14. Nxc6 bxc6 15. Qa4 Qxd3 16. Be3 (16. Bxc6 $11 Qa6 17. Be3) 16... Ba6 (16... Be6 $15) 17. Bxc6 $11 Rac8 18. Bxc5 Rxc6 19. Qxc6 Bb5 $2 (19... Rc8 $11 {and Black is okay.} 20. Qxc8+ Bxc8) 20. Qb7 $18 Re8 21. Rfd1 ({Resist} 21. Bxa7 $6 Qc4 $16) (21. a4 $18 Ba6 22. Qxa7) 21... Qc4 $16 22. Rab1 ({But not} 22. Qxa7 $6 Bc6 $14) 22... a6 23. Qd5 Qa4 $2 (23... Qg4 $16) 24. Rb4 $1 $18 {[%cal Rb4a4]} Qc2 25. c4 Ba4 $2 (25... Bc6 26. Qd3 (26. Qxc6 Qxd1+ 27. Kg2 Qd8 $16) 26... Qxd3 27. Rxd3 Be4) 26. Rd2 Qc1+ 27. Kg2 Bc2 28. Rb7 Be4+ 29. Qxe4 {White threatens Qd5 and mate.} Qxd2 30. Qf3 f5 31. Qc6 Qd8 32. Bd6 {Threatens to win with Qd5+.} Qc8 33. Qd5+ ({Less strong is} 33. Qxa6 Qe6 $18) 33... Qe6 {[#]} 34. Qxe6+ $1 Rxe6 {[%mdl 4096] Endgame KRB-KRB} 35. c5 e4 36. c6 Rxd6 {KRB-KR} 37. c7 Rc6 {White must now prevent ...Bf8.} 38. Rb8+ Bf8 39. c8=Q Rxc8 40. Rxc8 {KR-KB} Kg7 41. Rc7+ Kh6 $2 (41... Kg8 {is tougher.} 42. a4 a5) 42. a4 a5 43. Rf7 Bc5 44. Kf1 Bd4 45. Ke2 Bc5 46. f3 exf3+ 47. Kxf3 Bb4 48. h3 {[%cal Bh2h3,Bh3g4][%mdl 32]} Bc3 49. g4 fxg4+ $2 (49... Bb4 50. gxf5 Kg5) 50. hxg4 Bb4 51. Rd7 Ba3 52. Rd5 Bb4 53. Kf4 Kg7 54. Rd7+ Kg8 55. Kg5 Ba3 56. Rd8+ $2 (56. Kf6 {mates} Bb2+ 57. Ke6 h5 58. gxh5 gxh5 59. Rd5 Bc3 60. Rxh5 Bb4 61. Rd5) 56... Kg7 57. Rd7+ $2 (57. Kf4 $18) 57... Kg8 58. Kf6 Bb2+ 59. Ke6 Bc3 60. Rc7 Bd4 61. Rc4 Bb6 62. Rc8+ Kg7 63. Ra8 h5 64. g5 {White mates.} h4 {[#]} 65. Rb8 $1 Bd4 66. Rb7+ Kg8 67. Rd7 Bb2 68. Rd2 Bc1 69. Rd8+ Kg7 70. Rd7+ {Precision: White = 79%, Black = 39%.} 1-0

[Event "88th GER-ch Men 2017"]
[Site "Apolda"]
[Date "2017.06.29"]
[Round "7"]
[White "Frischmann, Rick"]
[Black "Schneider, Jana"]
[Result "1/2-1/2"]
[WhiteElo "2304"]
[BlackElo "2270"]
[Annotator "TA"]
[PlyCount "79"]
[EventDate "2017.??.??"]
[EventType "swiss"]
[EventCountry "GER"]
[SourceTitle "playchess.com"]
[Source "ChessBase"]
[SourceQuality "1"]

{[%evp 22,79,44,17,26,0,0,0,13,9,9,18,15,8,22,31,13,14,170,168,161,27,35,-33,-34,-33,-33,-33,-25,-23,98,-42,-29,-23,84,107,137,92,360,358,324,329,239,78,144,92,210,210,220,195,293,217,315,220,182,0,262,0,141,0]} 1. e4 e6 2. d4 d5 3. Nd2 c5 4. exd5 Qxd5 5. Ngf3 cxd4 6. Bc4 Qd6 7. O-O Nf6 8. Nb3 Nc6 9. Nbxd4 Nxd4 10. Nxd4 a6 11. Re1 Qc7 12. Qe2 h6 {C07: French Tarrasch: 3...c5, 4 Ngf3 and 4 exd5 Qxd5} 13. h3 Bc5 {[#]} 14. Nf5 $146 ({Predecessor:} 14. c3 O-O 15. Bd3 b6 16. Nf3 Bb7 17. Ne5 Bd6 18. Bf4 Nd5 19. Bg3 Rfe8 20. c4 {½-½ (33) Gonzalez Vidal,Y (2550)-Nisipeanu,L (2689) Tromsoe 2014}) 14... O-O {The position is equal.} 15. Nxh6+ $1 gxh6 16. Qf3 $1 {[%cal Rf3f6]} Be7 17. Bd3 $1 Kh8 18. Bxh6 Rg8 $1 19. Bd2 {Bc3 is the strong threat.} Rg7 $2 (19... Kg7 $11) 20. Bc3 $18 {[%mdl 1024] White has strong compensation.} Qd8 21. Qf4 (21. Be4 $18) 21... Qd5 $11 {[%csl Gg7][%cal Rd5g2]} 22. g4 ({Don't play} 22. Qh6+ Kg8 $15) (22. Be4 $14 Qg5 23. Qc7 Nxe4 24. Bxg7+ Kxg7 25. Rxe4) 22... Qg5 $15 23. Qg3 Kg8 24. Re5 Qh6 {aiming for ...Nd5.} 25. g5 Qh5 (25... Qh8 $1 $11 {keeps the balance.}) 26. Be2 (26. gxf6 $16 {[%csl Gf6][%cal Rg3g7]} Rxg3+ 27. fxg3 Qxh3 28. Rg5+ Kf8 29. fxe7+ Kxe7 30. Bb4+ Kd8 31. Rf1) 26... Qh7 {Strongly threatening ...Ne4.} 27. Bd3 Qh5 (27... Qh8 $11 {remains equal.} 28. Ree1 Bd7) 28. gxf6 $40 {[%csl Gf6][%cal Rg3g7][%mdl 128] White has strong attack.} Rxg3+ 29. fxg3 Qf3 $2 {[%mdl 8192]} (29... Bc5+ $16 {was worth a try.} 30. Kg2 Qh6 31. Rxc5 b6) 30. Rg5+ $18 Kf8 31. fxe7+ Kxe7 32. h4 $2 (32. Re1 $18 {and the rest is easy.} Qc6 33. Bb4+ Ke8 34. Re4 Qb6+ 35. Kf1) 32... Qe3+ $16 33. Kg2 b6 (33... Bd7 $16) 34. Rf1 $1 $18 {Black must now prevent Bb4+.} Bb7+ 35. Kh3 $1 a5 (35... Re8 {was necessary.} 36. Re5 Qh6) 36. Bf6+ Kd6 (36... Kd7 $142 37. Rg7 Rf8) 37. Be5+ Ke7 38. Bf6+ (38. Bc3 $142 $1) 38... Kd6 $1 {[#]} 39. Be5+ (39. Re5 $1 $18 {[%cal Re5e3]} Qd2 40. Re2) 39... Ke7 $16 {[#]} 40. Bf6+ {Precision: White = 46%, Black = 44%.} (40. Bc3 $1 $16) 1/2-1/2

[Event "88th GER-ch Men 2017"]
[Site "Apolda"]
[Date "2017.06.29"]
[Round "7"]
[White "Buecker, Stefan"]
[Black "Buhmann, Rainer"]
[Result "1/2-1/2"]
[WhiteElo "2291"]
[BlackElo "2590"]
[Annotator "TA"]
[PlyCount "97"]
[EventDate "2017.??.??"]
[EventType "swiss"]
[EventCountry "GER"]
[SourceTitle "playchess.com"]
[Source "ChessBase"]
[SourceQuality "1"]

{[%evp 13,97,3,10,9,12,0,0,-3,-5,-16,-12,-16,-10,-20,-17,-23,-16,-32,-32,-39,-22,-31,-28,-29,-18,-35,-28,-36,-30,-54,-26,-47,-43,-51,-47,-47,-31,-45,-48,-80,-79,-79,-73,-106,-80,-182,-122,-231,-181,-170,-181,-238,-229,-229,-208,-213,-174,-256,-260,-260,-139,-148,-147,-166,-84,-100,-29,-47,-8,-97,-80,-100,-97,-101,0,0,-9,-16,0,0,0,-6,0,0,0,-12]} 1. e4 e5 2. Nf3 Nc6 3. Bb5 a6 4. Ba4 Nf6 {[%cal Bg8f6,Bf6d7,Bd7c5][%mdl 32]} 5. Bxc6 dxc6 6. d3 Bd6 7. Nbd2 Nd7 8. Nc4 {C77: Ruy Lopez: 3...a6 4 Ba4 Nf6, unusual lines} O-O 9. Ne3 (9. Be3 c5 10. Qd2 f6 11. Rg1 Nb8 12. g4 Nc6 13. Nh4 g6 14. O-O-O Rf7 15. Rdf1 Bf8 {0-1 (38) Hess,R (2571)-Postny,E (2606) chess.com INT 2017}) 9... Nc5 10. O-O Re8 $146 ({Predecessor:} 10... f6 11. b3 Ne6 12. g3 c5 13. Bb2 Qe8 14. Nh4 Bd7 15. Nhg2 Rd8 {½-½ (37) Chmel,K (2119)-Zemlicka,V (1997) Prague 2015}) 11. Re1 Bf8 12. h3 f6 13. Nf1 b5 14. Be3 Ne6 15. Qd2 c5 16. c3 Bb7 17. Qc2 Qd7 18. Red1 Qf7 19. Ng3 g6 20. a3 Bd6 21. Nh4 Kh8 22. b4 cxb4 23. axb4 Rac8 24. Qb2 Kg8 25. Re1 c5 26. bxc5 Nxc5 27. Bxc5 Rxc5 28. Nf1 Rec8 29. Ra3 (29. Rec1 $17) 29... Qc7 $1 $19 {[%cal Rc5c3]} 30. Re3 (30. Rc1 $17) 30... Bf8 ({Don't play} 30... Rxc3 31. Rxc3 Qxc3 32. Qa2+ Kf8 33. Rf3 $17) 31. Rg3 Rd8 (31... Rxc3 32. Rxc3 Qxc3 33. Qa2+ Kg7 34. Nf5+ Kh8 35. Qf7 $14) 32. Nd2 (32. Rb3 $142) 32... Rc6 33. Rb3 Bc8 34. c4 b4 35. Nf5 (35. Rxb4 {was necessary.} Bxb4 36. Qxb4) 35... a5 36. Ne3 a4 (36... Ra6 $19 {And now ...a4 would win.} 37. Qc1 a4) 37. Rxb4 $17 Bxb4 ({Inferior is} 37... Rxd3 38. Rxa4 Qd6 39. Nd5 $16) 38. Qxb4 {[#] With the idea Nd5.} Qb7 ({Black should try} 38... Ra6 $1 $19 {Hoping for ...Qa5.} 39. Nd5 {[#]} Rxd5 $1 {[%mdl 512]} 40. cxd5 a3) 39. Qxa4 Ra6 (39... Rxd3 $17 40. Qc2 Qd7) 40. Qc2 $11 Be6 {[%mdl 1024] Black has compensation.} 41. Kh2 (41. Nd5 $11 {remains equal.}) 41... Qa7 $17 42. Nd5 Ra2 43. Qc3 Kg7 (43... Qxf2 $17 44. Nf3 Rf8) 44. Rf3 $11 {The position is equal.} Ra3 45. Qc1 Ra1 46. Qc3 Ra3 47. Qc1 Ra1 48. Qc3 Ra3 49. Qc1 {Precision: White = 42%, Black = 63%.} 1/2-1/2